00314nam a2200109Ia 4500082001200000100002000012245008600032260002800118300002200146650002200168710001400190 aTM.0343 aMahajan, Malati 0aDevelopment of material culture in India from about the 6th cent. B.C. to 320 A.D c1971bNagpur University a487p. + C D - 40 aMATERIAL CULTURE  aDeo, S.B.